Statistiques concernant Acteurs de cinéma français - choix multiple

Cliquez ici pour prendre le quiz!

Statistiques générales

  • Ce quiz a été pris 423 fois
  • Le résultat moyen est 10 sur 15

Statistiques - réponses

QuestionRéponse% Correct
"Brice de Nice" - James Huth - 2005Jean Dujardin
95%
"Le marginal" - Jacques Deray - 1983Jean-Paul Belmondo
84%
"Yves Saint-Laurent" - Jalil Lespert - 2014Pierre Niney
84%
"Didier" - Alain Chabat - 1997Alain Chabat
81%
"Le samouraï" - Jean Pierre Melville - 1967Alain Delon
80%
"Le schpountz" - Marcel Pagnol - 1938Fernandel
73%
"Pinot simple flic" - Gérard Jugnot - 1984Gérard Jugnot
73%
"Le viager " - Pierre Tchernia - 1972Michel Serrault
67%
"Le rapace" - José Giovanni - 1968Lino Ventura
59%
"Le triporteur" - Jacques Pinoteau - 1957Darry Cowl
55%
"Boudu" - Gérard Jugnot - 2005Gérard Depardieu
47%
"Archimède le clochard" - Gilles Grangier - 1959Jean Gabin
45%
"Vatel" - Roland Joffé - 2000Gérard Depardieu
44%
"Le gentleman d'Epsom" - Gilles Grangier - 1962Jean Gabin
40%
"L'homme pressé" - Edouard Molinaro - 2005Alain Delon
31%

Distribution des résultats

Percentile par nombre de réponses

% des personnes avec chaque résultat

Votre développement - résultats

Vous n’avez pas pris ce quiz